Use of reclaimed water and sludge in food crop production.

Bibliographic Details
Corporate Author: United States. Environmental Protection Agency. Office of Water
Format: Government Document Book
Language:English
Published: Washington, D.C. : National Academy Press, 1996.
Subjects:
Online Access:https://purl.fdlp.gov/GPO/LPS50739

MARC

Tag First Indicator Second Indicator Subfields
LEADER 00000cam a2200000Ka 4500
001 in00002003255
005 20211202202131.0
006 m d f
008 040910s1996 dcu sb f000 0 eng d
035 |a (OCoLC)ocm56482551 
040 |a GPO  |c GPO  |d MvI  |d UtOrBLW 
049 |a WWW 
074 |a 0473-A-01 (online) 
086 0 |a EP 2.2:2004024566 
245 0 0 |a Use of reclaimed water and sludge in food crop production. 
264 1 |a Washington, D.C. :  |b National Academy Press,  |c 1996. 
336 |a text  |b txt  |2 rdacontent 
337 |a computer  |b c  |2 rdamedia 
338 |a unspecified  |b zu  |2 rdacarrier 
538 |a Mode of access: Internet from the EPA web site. Address as of 9/10/2004: http://www.epa.gov/owm/mtb/biosolids/biolib.htm; current access available via PURL. 
500 |a Title from title screen (viewed on Sep. 10, 2004). 
504 |a Includes bibliographical references. 
500 |a Electronic resource. 
650 0 |a Sewage sludge as fertilizer  |z United States. 
710 1 |a United States.  |b Environmental Protection Agency.  |b Office of Water. 
856 4 0 |u https://purl.fdlp.gov/GPO/LPS50739  |t 0 
999 |a MARS 
999 f f |s 8581f7fd-ac55-3a2b-9dba-d2bdab563c7c  |i e71c9f59-e191-3739-9cda-66f341913a0a  |t 0 
952 f f |a Texas A&M University  |b College Station  |c Electronic Resources  |d Available Online  |t 0  |e EP 2.2:2004024566  |h Superintendent of Documents classification 
998 f f |a EP 2.2:2004024566  |t 0  |l Available Online